书目信息 |
| 题名: |
经典常谈
|
|
| 作者: | 朱自清 著 | |
| 分册: | ||
| 出版信息: | 太原 山西古籍出版社 2001 |
|
| 页数: | 155页 | |
| 开本: | 21cm | |
| 丛书名: | 大学生应读·名家学术经典 | |
| 单 册: | ||
| 中图分类: | Z835 , Z126.27 | |
| 科图分类: | ||
| 主题词: | 社会科学--古籍--简介--中国 , 社会科学 , 古籍 , 丛书--中国 | |
| 电子资源: | ||
| ISBN: | 7-80598-467-0 | |
| 000 | 00898oam2 2200289 450 | |
| 001 | 1555707383 | |
| 005 | 20150126152935.34 | |
| 010 | @a7-80598-467-0@dCNY9.00 | |
| 100 | @a20011129d2001 em y0chiy0110 ea | |
| 101 | 0 | @achi |
| 102 | @aCN@b140000 | |
| 105 | @ay z 000yy | |
| 200 | 1 | @a经典常谈@9jing dian chang tan@f朱自清著 |
| 210 | @a太原@c山西古籍出版社@d2001 | |
| 215 | @a155页@d21cm | |
| 225 | 2 | @a大学生应读·名家学术经典 |
| 330 | @a本书收录的是朱自清先生在上世纪四十年代讲授的传统文化中的经典,其中包括《说文解字》、《周易》、《尚书》、《诗经》、三《礼》等。 | |
| 461 | 0 | @12001 @a大学生应读·名家学术经典 |
| 606 | 0 | @a社会科学@x古籍@x简介@y中国 |
| 606 | 0 | @a社会科学 |
| 606 | 0 | @a古籍 |
| 606 | 0 | @a丛书@x中国 |
| 690 | @aZ835@v5 | |
| 690 | @aZ126.27@v4 | |
| 701 | 0 | @a朱自清@9zhu zi qing@f(1898~1948)@4著 |
| 801 | 0 | @aCN@bTSSF@c20150126 |
| 905 | @aZUCC@dZ126.27@eJY93 | |
| 经典常谈/朱自清著.-太原:山西古籍出版社,2001 |
| 155页;21cm.-(大学生应读·名家学术经典) |
| ISBN 7-80598-467-0:CNY9.00 |
| 本书收录的是朱自清先生在上世纪四十年代讲授的传统文化中的经典,其中包括《说文解字》、《周易》、《尚书》、《诗经》、三《礼》等。 |
| ● |
| 相关链接 |
|
|
|
|
正题名:经典常谈
索取号:Z126.27/JY93
 
预约/预借
| 序号 | 登录号 | 条形码 | 馆藏地/架位号 | 状态 | 备注 |
| 1 | 7838103 | 278381038 | 学院路分馆/ [索取号:Z126.27/JY93] | 在馆 | |
| 2 | 7838104 | 278381047 | 学院路分馆/ [索取号:Z126.27/JY93] | 在馆 | |
| 3 | 7838105 | 278381056 | 学院路分馆/ [索取号:Z126.27/JY93] | 在馆 | |
| 4 | 7838106 | 278381065 | 学院路分馆/ [索取号:Z126.27/JY93] | 在馆 |